[Event "Mecklenburg VP-ch U25"]
[Site "Malchow"]
[Date "2014.02.03"]
[Round "3"]
[White "Schubert, Matti"]
[Black "Goessel, Felix"]
[Result "1/2-1/2"]
[WhiteElo "873"]
[BlackElo "1210"]
[PlyCount "98"]
[EventDate "2014.02.01"]
[EventType "swiss"]
[EventRounds "7"]
[EventCountry "GER"]
[SourceTitle "EXT 2017"]
[Source "ChessBase"]
[SourceDate "2016.10.25"]
[SourceVersion "1"]
[SourceVersionDate "2016.10.25"]
[SourceQuality "1"]

1. e4 d5 2. Nc3 dxe4 3. Nxe4 e5 4. Nf3 Nc6 5. Bb5 Bg4 6. 0-0 Nf6 7. Re1 Bd6 8. h3 Bxf3 9. Qxf3 0-0 10. Bxc6 bxc6 11. d3 Nxe4 12. dxe4 Qe7 13. Qg3 f5 14. Bd2 Rf6 15. Bg5 f4 16. Qb3+ Kh8 17. Qb7 Rg8 18. Qxc6 Qf7 19. Qd5 Re6 20. f3 h6 21. Bh4 g5 22. Bf2 a6 23. g4 fxg3 24. Bxg3 c6 25. Qb3 Qg6 26. Rf1 Rf6 27. Rad1 Rgf8 28. Rd2 h5 29. Kg2 g4 30. Rdf2 Qg5 31. h4 gxf3+ 32. Rxf3 Qg6 33. Qc3 Qxe4 34. a3 Kg7 35. Qd3 Qxd3 36. cxd3 Rxf3 37. Rxf3 Rxf3 38. Kxf3 Kf6 39. Ke3 Kf5 40. Be1 Be7 41. Kf3 Bc5 42. b4 Bb6 43. Bg3 a5 44. Be1 axb4 45. Bxb4 c5 46. Bc3 Bd8 47. Kg3 e4 48. dxe4+ Kxe4 49. a4 Kd3 1/2-1/2